00951nas a22002171i#45000010005000000030009000050050017000140070003000310080041000340800010000750800007000852450041000922600047001333000021001803620015002015000362002166500043005787100063006218520036006848660013007202671ES-MaACL20250814062600.0t|950801d17801795sp | | 1 ||pa d a(460) a0600aMemorias de la Sociedad Económica. aMadrid : bAntonio de Sancha, c1780-1795. a5 vol ; c26 cm.0 a1780-1795. aContiene: V. 1. Memorias de agricultura -- v. 2. Memorias de industria. Memorias de artes y oficios -- v. 3. Memorias de agricultura, industria y oficios del segundo bienio -- v. 4. Memorias de oficios 1777-1779. Apéndice de las memorias -- v. 5. Seis memorias sobre agricultura. Colección de las memorias premiadas... sobre los cuatro asuntos [en 1783] 4aInstituciones científicas y diversas2 aReal Sociedad Económica Matritense de Amigos del País. aES-MaACLjR-749-53 x G-1175-9 1oVol. I-V